[Event "Plymouth (MI Op/3/69)"]
[Site "?"]
[Date "1984.??.??"]
[Round "?"]
[White "Frohman, T.."]
[Black "Carpenter, T.."]
[Result "1-0"]
[WhiteElo "1670"]
[BlackElo "1605"]
[PlyCount "51"]
[EventDate "1984.??.??"]

{3/(69)} 1. e4 g6 2. d4 Nf6 3. Nc3 Bg7 4. Be3 O-O 5. Qd2 d6 6. h3 c5 7. dxc5
dxc5 8. Qxd8 Rxd8 9. Bxc5 Nc6 10. Bd3 Bh6 11. Nge2 b6 12. Ba3 Kf8 13. f4 Nd4
14. O-O-O Nxe2+ 15. Nxe2 g5 16. fxg5 Bxg5+ 17. Kb1 Bb7 18. Nc3 Rd4 19. Nb5 Ra4
20. b3 Ra5 21. Bb4 Rxb5 22. Bxb5 Bxe4 23. Rde1 Bxg2 24. Rhg1 Bh4 25. Rxe7 Bxh3
26. Re8# 1-0

[Event "Plymouth (MI Op/3/71)"]
[Site "?"]
[Date "1984.??.??"]
[Round "?"]
[White "Frawley, Ed"]
[Black "West, J.."]
[Result "1-0"]
[WhiteElo "1670"]
[BlackElo "1605"]
[PlyCount "45"]
[EventDate "1984.??.??"]

{3/(71)} 1. e4 e5 2. f4 d5 3. exd5 Qxd5 4. Nc3 Qd8 5. Nf3 Bg4 6. Bc4 Nc6 7.
Bxf7+ Kxf7 8. fxe5 Ke8 9. O-O Bc5+ 10. Kh1 Nge7 11. Ne4 Bb6 12. Qe1 Rf8 13. d3
Bxf3 14. Rxf3 Rxf3 15. gxf3 Nxe5 16. Qg3 N7g6 17. Bg5 Qd4 18. Re1 Kd7 19. Qh3+
Kc6 20. Qe6+ Kb5 21. a4+ Kxa4 22. Qb3+ Ka5 23. Ra1+ 1-0

[Event "Plymouth (MI Op/5/40)"]
[Site "?"]
[Date "1984.??.??"]
[Round "?"]
[White "Frawley, Ed"]
[Black "Sveen, L.."]
[Result "1-0"]
[WhiteElo "1670"]
[BlackElo "1830"]
[PlyCount "69"]
[EventDate "1984.??.??"]

{5/(40)} 1. e4 e6 2. d4 d5 3. Bd3 dxe4 4. Bxe4 Nf6 5. Bd3 c5 6. Nf3 Nc6 7. c3
cxd4 8. O-O dxc3 9. Nxc3 Be7 10. Qe2 O-O 11. Rd1 Qa5 12. Bd2 Qh5 13. Bf4 Nb4
14. Bc4 b6 15. a3 Nc6 16. Nb5 Bb7 17. Nd6 Bxd6 18. Rxd6 Na5 19. Ba2 Bxf3 20.
gxf3 Rac8 21. Rad1 Qf5 22. R1d4 Nb7 23. Rxe6 Qg6+ 24. Kh1 Rc2 25. Qe5 fxe6 26.
Bxe6+ Kh8 27. Bf5 Qh5 28. Bxc2 Qxf3+ 29. Kg1 Ng4 30. Qe1 Qc6 31. Be4 Qc5 32.
Qd2 Nf6 33. Bxb7 Ng4 34. Bd6 Qf5 35. Bxf8 1-0

[Event "Plymouth (MI Op/7/35)"]
[Site "?"]
[Date "1984.??.??"]
[Round "?"]
[White "Frawley, Ed"]
[Black "Riegel, P.."]
[Result "1-0"]
[WhiteElo "1670"]
[BlackElo "1875"]
[PlyCount "31"]
[EventDate "1984.??.??"]

{7/(35)} 1. e4 c5 2. Nf3 d6 3. d4 cxd4 4. Nxd4 Nf6 5. Nc3 a6 6. Bc4 e6 7. Bb3
b5 8. Qe2 Qc7 9. Bg5 Be7 10. O-O-O Nbd7 11. Bxe6 fxe6 12. Nxe6 Qc6 13. Nxg7+
Kf7 14. Nf5 Ne5 15. Nxe7 Kxe7 16. Nd5+ 1-0

[Event "Plymouth (MI Op/1a/28)"]
[Site "?"]
[Date "1984.??.??"]
[Round "?"]
[White "Frawley, Ed"]
[Black "Alliston, Richard"]
[Result "1-0"]
[WhiteElo "1670"]
[BlackElo "1605"]
[PlyCount "115"]
[EventDate "1984.??.??"]

1. d4 d5 2. c4 c6 3. Nc3 Nf6 4. Nf3 e6 5. Bg5 Be7 6. e3 Nbd7 7. cxd5 exd5 8.
Bd3 O-O 9. Qc2 g6 10. O-O Re8 11. Nd2 Ng4 12. Bxe7 Qxe7 13. Rae1 Qd6 14. Nf3
Ndf6 15. h3 Nh6 16. Ne5 Bf5 17. f4 Bxd3 18. Qxd3 Nf5 19. Kh2 h5 20. Qe2 h4 21.
Qf3 Ne4 22. Nxe4 dxe4 23. Qg4 Kg7 24. Kh1 Ng3+ 25. Kg1 Nxf1 26. Rxf1 f5 27.
Qxh4 Rh8 28. Qg3 Rad8 29. Rc1 Qf6 30. Rc5 Rd5 31. Rc2 Rh6 32. Qe1 Qe7 33. b4
Qh4 34. Qe2 g5 35. b5 Rxb5 36. fxg5 Qxg5 37. Kh2 Qe7 38. g4 Qh4 39. Qg2 Qg5 40.
Qg1 Kf8 41. Qg3 Ke7 42. Rf2 fxg4 43. Nxg4 Rd6 44. h4 Qg6 45. Qf4 Qg7 46. Qxe4+
Re6 47. Qf4 Rd6 48. Ne5 Rf6 49. Ng6+ Qxg6 50. Qc7+ Ke6 51. Qc8+ Kd5 52. e4+
Kxe4 53. Rg2 Qf5 54. Qe8+ Kxd4 55. Rd2+ Kc5 56. Qe3+ Kb4 57. Rb2+ Ka5 58. Qxa7#
1-0

[Event "Plymouth (MI Op/7/21)"]
[Site "?"]
[Date "1984.??.??"]
[Round "?"]
[White "Fraser, T.."]
[Black "Yahkind, Alex"]
[Result "0-1"]
[WhiteElo "1605"]
[BlackElo "1950"]
[PlyCount "58"]
[EventDate "1984.??.??"]

{7/(21)} 1. e4 c5 2. Nf3 Nc6 3. d4 cxd4 4. Nxd4 e6 5. Nc3 Bb4 6. Bf4 d6 7. Ndb5
e5 8. Bg3 a6 9. a3 Bxc3+ 10. Nxc3 Nge7 11. Bc4 O-O 12. O-O Nd4 13. Nd5 Nxd5 14.
Bxd5 Qb6 15. c3 Ne6 16. Qb3 Qxb3 17. Bxb3 Nc5 18. Bd5 Be6 19. Rad1 Bxd5 20.
exd5 f5 21. f4 e4 22. b4 Nd3 23. Rd2 Rac8 24. Rc2 Rc4 25. Bh4 Kf7 26. g4 g6 27.
Bf2 Rfc8 28. Bd4 Rxd4 29. gxf5 gxf5 0-1

[Event "Plymouth (MI Op/6/33)"]
[Site "?"]
[Date "1984.??.??"]
[Round "?"]
[White "Fraser, T.."]
[Black "Lloyd, J.."]
[Result "1-0"]
[WhiteElo "1605"]
[BlackElo "1855"]
[PlyCount "101"]
[EventDate "1984.??.??"]

{6/(33)} 1. e4 Nf6 2. e5 Nd5 3. c4 Nb6 4. d4 d6 5. f4 dxe5 6. fxe5 c5 7. d5 e6
8. Nc3 exd5 9. cxd5 c4 10. Qd4 Nc6 11. Qe4 Nb4 12. Bf4 N4xd5 13. O-O-O Be6 14.
Bxc4 Nxc4 15. Qxc4 Rc8 16. Qb5+ Qd7 17. Qxd7+ Kxd7 18. Kb1 Kc6 19. Nxd5 Bxd5
20. Rc1+ Kd7 21. Rd1 Ke6 22. Nf3 Be4+ 23. Ka1 Bxf3 24. gxf3 Rc4 25. Bg3 Be7 26.
b3 Rc3 27. Rhf1 Rhc8 28. Kb1 Ba3 29. Bf4 Rc2 30. Ka1 f6 31. exf6 Bb2+ 32. Kb1
Bxf6 33. Rfe1+ Kf5 34. Bc1 Rxh2 35. Rd5+ Kg6 36. Rg1+ Kf7 37. Rd7+ Kf8 38. Ba3+
Ke8 39. Rxb7 Rcc2 40. Re1+ Kd8 41. Rxa7 Rxa2 42. Be7+ Bxe7 43. Rxa2 Rh3 44.
Ra8+ Kc7 45. Ra7+ Kd6 46. Raxe7 Rxf3 47. Rxg7 Rxb3+ 48. Kc2 Rh3 49. Re8 Kd5 50.
Rh8 h6 51. Rgh7 1-0

[Event "Plymouth (MI Op/2/54)"]
[Site "?"]
[Date "1984.??.??"]
[Round "?"]
[White "Fraser, T.."]
[Black "Jackson, J.."]
[Result "0-1"]
[WhiteElo "1605"]
[BlackElo "1755"]
[PlyCount "62"]
[EventDate "1984.??.??"]

{2/(54)} 1. e4 c5 2. Nf3 d6 3. d4 cxd4 4. Nxd4 Nf6 5. Nc3 g6 6. Bg5 Bg7 7. Nb3
Nc6 8. Qd2 h6 9. Bh4 g5 10. Bg3 Nh5 11. O-O-O Nxg3 12. hxg3 Be6 13. Nd5 Bxd5
14. Qxd5 Qb6 15. Bc4 Rf8 16. f4 a5 17. e5 O-O-O 18. e6 a4 19. exf7 axb3 20.
Bxb3 Kb8 21. fxg5 hxg5 22. Rhe1 Bf6 23. Rf1 Nb4 24. Qe6 Rc8 25. Rxf6 exf6 26.
Rxd6 Qg1+ 27. Rd1 Nd3+ 28. Kd2 Qf2+ 29. Kxd3 Rfd8+ 30. Bd5 Qxc2+ 31. Ke3 Qxd1
0-1

[Event "Plymouth (MI Op/4/39)"]
[Site "?"]
[Date "1984.??.??"]
[Round "?"]
[White "Fraser, T.."]
[Black "Brattin, Vincent"]
[Result "0-1"]
[WhiteElo "1605"]
[BlackElo "1835"]
[PlyCount "38"]
[EventDate "1984.??.??"]

{4/(39)} 1. e4 e5 2. Nf3 Nc6 3. Bb5 Nd4 4. Nxd4 exd4 5. d3 Bc5 6. Nd2 Ne7 7.
Nf3 Ng6 8. Bg5 f6 9. Bd2 O-O 10. O-O d6 11. a4 Ne5 12. b4 a6 13. Bxa6 Rxa6 14.
bxc5 dxc5 15. Kh1 Qe8 16. a5 Bg4 17. h3 Qh5 18. Kg1 Nxf3+ 19. gxf3 Bxf3 0-1

[Event "Plymouth (MI Op/1b/4)"]
[Site "?"]
[Date "1984.??.??"]
[Round "?"]
[White "Franke, R.."]
[Black "Wolfrom, David"]
[Result "0-1"]
[WhiteElo "1845"]
[BlackElo "2170"]
[PlyCount "56"]
[EventDate "1984.??.??"]

1. d4 Nf6 2. c4 c5 3. d5 b5 4. cxb5 a6 5. bxa6 Bxa6 6. Nc3 g6 7. e4 Bxf1 8.
Kxf1 d6 9. g3 Bg7 10. Nf3 Nbd7 11. Kg2 O-O 12. Re1 Qb6 13. Rb1 Rfb8 14. Bd2 Ng4
15. a4 Qa6 16. b3 Qd3 17. Nb5 Rxb5 18. axb5 Qxb5 19. h3 Nge5 20. Nxe5 Nxe5 21.
Qc2 Nd3 22. Red1 Bd4 23. Bc3 Nb4 24. Bxb4 Qxb4 25. Rd2 Rb8 26. Qd3 Bf6 27. Ra2
c4 28. Qxc4 Qxc4 0-1

[Event "East Detroit (MCO/5/13)"]
[Site "?"]
[Date "1984.??.??"]
[Round "?"]
[White "Franke, R.."]
[Black "Thomas, C.."]
[Result "0-1"]
[WhiteElo "1915"]
[BlackElo "2115"]
[PlyCount "60"]
[EventDate "1984.??.??"]

{5/(13)} 1. d4 Nf6 2. c4 g6 3. Nc3 Bg7 4. e4 d6 5. f4 Bg4 6. Be2 h5 7. h3 Bxe2
8. Ngxe2 O-O 9. Be3 c5 10. Rc1 cxd4 11. Nxd4 Nbd7 12. b4 Bh6 13. O-O Rc8 14.
Qd3 e5 15. Ndb5 exf4 16. Bxf4 Ne5 17. Qe2 Bxf4 18. Rxf4 a6 19. Na3 Qb6+ 20. Kh2
Qxb4 21. Rxf6 Qxa3 22. Rc2 Rxc4 23. Nd5 Qc5 24. Rd2 Rc1 25. Ne7+ Kg7 26. Rfxd6
Qg1+ 27. Kg3 h4+ 28. Kf4 Qh2+ 29. Ke3 Qg3+ 30. Kd4 Qc3+ 0-1

[Event "Plymouth (MI Op/3/47)"]
[Site "?"]
[Date "1984.??.??"]
[Round "?"]
[White "Franke, R.."]
[Black "Pearson, D.."]
[Result "1-0"]
[WhiteElo "1845"]
[BlackElo "1605"]
[PlyCount "85"]
[EventDate "1984.??.??"]

{3/(47)} 1. d4 f5 2. c4 e6 3. Nc3 Nf6 4. g3 Nc6 5. Bg2 Bb4 6. a3 Bxc3+ 7. bxc3
O-O 8. Nf3 b6 9. O-O Bb7 10. Bg5 h6 11. Bxf6 Rxf6 12. d5 Na5 13. Nd2 Qe7 14. e4
Qc5 15. exf5 exf5 16. Qa4 Rf7 17. Qb4 Qe7 18. Qxe7 Rxe7 19. Rfe1 Rae8 20. Rxe7
Rxe7 21. Bf1 c6 22. Bd3 cxd5 23. cxd5 Bxd5 24. Kf1 Nb3 25. Nxb3 Bxb3 26. Bxf5
Be6 27. Bxe6+ Rxe6 28. Rd1 d6 29. Rd3 Kf7 30. f3 Ke7 31. Kf2 Re5 32. Re3 Ke6
33. f4 Rxe3 34. Kxe3 Kd5 35. Kd3 b5 36. g4 Ke6 37. Ke4 g6 38. Kd4 h5 39. h3
hxg4 40. hxg4 a6 41. Ke4 a5 42. Kd4 Kf6 43. Kd5 1-0

[Event "East Detroit (MCO/4/14)"]
[Site "?"]
[Date "1984.??.??"]
[Round "?"]
[White "Franke, R.."]
[Black "Mazuchowski, Tom"]
[Result "1/2-1/2"]
[WhiteElo "1915"]
[BlackElo "2115"]
[PlyCount "117"]
[EventDate "1984.??.??"]

{4/(14)} 1. d4 d5 2. c4 e6 3. Nc3 c5 4. Nf3 Nf6 5. Bg5 cxd4 6. Nxd4 dxc4 7. e4
Qa5 8. Bxf6 gxf6 9. Bxc4 Bb4 10. Rc1 Bd7 11. a3 Be7 12. O-O a6 13. Re1 Qg5 14.
Re3 Nc6 15. Rg3 Qe5 16. Nxc6 Bxc6 17. Qg4 O-O-O 18. Qe2 Kb8 19. Rd3 Rxd3 20.
Bxd3 h5 21. h4 Qf4 22. Rc2 Qxh4 23. Bxa6 Bd6 24. g3 Rg8 25. Qf1 Bxg3 26. fxg3
Qxg3+ 27. Rg2 Qxg2+ 28. Qxg2 Rxg2+ 29. Kxg2 bxa6 30. Kg3 Kc7 31. Kh4 Kd6 32.
Kxh5 Ke5 33. a4 Bxe4 34. b4 Bf3+ 35. Kh6 Kd4 36. Nb1 Bd1 37. b5 a5 38. Nd2 Bxa4
39. b6 Bc6 40. Nb3+ Kd5 41. Nxa5 e5 42. Kh5 f5 43. Kg5 f4 44. Kg4 Kd6 45. Nc4+
Ke6 46. Na5 f5+ 47. Kh3 Kd5 48. b7 Bxb7 49. Nxb7 e4 50. Kg2 f3+ 51. Kf2 Ke5 52.
Nc5 Kf4 53. Ne6+ Kg4 54. Nc5 Kh3 55. Ne6 Kh4 56. Nd4 Kg4 57. Ke3 Kg5 58. Nxf3+
exf3 59. Kxf3 1/2-1/2

[Event "Plymouth (MI Op/6/34)"]
[Site "?"]
[Date "1984.??.??"]
[Round "?"]
[White "Franke, R.."]
[Black "Johnson, J.."]
[Result "1-0"]
[WhiteElo "1845"]
[BlackElo "1605"]
[PlyCount "103"]
[EventDate "1984.??.??"]

{6/(34)} 1. d4 d5 2. c4 c6 3. cxd5 cxd5 4. Nf3 Nf6 5. Nc3 Bf5 6. e3 e6 7. Bd3
Bxd3 8. Qxd3 Nc6 9. a3 Rc8 10. O-O Bd6 11. b4 O-O 12. Bb2 Ne7 13. Rfc1 Ng6 14.
Na4 Rxc1+ 15. Rxc1 Ne4 16. Nc5 Nxc5 17. dxc5 Be7 18. c6 bxc6 19. Rxc6 Bf6 20.
Bxf6 Qxf6 21. Qd4 Qe7 22. g3 Qb7 23. Qc5 Rb8 24. Rc7 Qb6 25. Rxa7 Qxc5 26. bxc5
Kf8 27. c6 f6 28. Nd4 Ne7 29. c7 Rc8 30. Nxe6+ Ke8 31. Nxg7+ Kd7 32. Nh5 Ng8
33. Nf4 Ne7 34. Nh5 Ng8 35. Kf1 Rxc7 36. Rxc7+ Kxc7 37. Ke2 Kc6 38. Kd3 Kc5 39.
Kc3 f5 40. Nf4 Ne7 41. a4 Nc6 42. Nd3+ Kb6 43. h3 Ka5 44. Kb3 Kb6 45. g4 fxg4
46. hxg4 Kc7 47. Nb4 Na5+ 48. Kc3 Kd6 49. f4 Ke6 50. Nc2 Nc6 51. Nd4+ Nxd4 52.
Kxd4 1-0

[Event "East Detroit (MCO/1/27)"]
[Site "?"]
[Date "1984.??.??"]
[Round "?"]
[White "Franke, R.."]
[Black "Feldman, J.."]
[Result "1-0"]
[WhiteElo "1915"]
[BlackElo "1605"]
[PlyCount "45"]
[EventDate "1984.??.??"]

{1/(27)} 1. d4 d5 2. c4 e6 3. Nc3 Nf6 4. Nf3 Nc6 5. Bg5 Be7 6. e3 h6 7. Bh4 Bd7
8. Bd3 O-O 9. O-O dxc4 10. Bxc4 Nh5 11. Bxe7 Qxe7 12. a3 Rad8 13. Qc2 Qf6 14.
Rac1 Rfe8 15. Nb5 Rc8 16. Rfd1 a6 17. Nc3 Re7 18. Ne4 Qg6 19. Nc5 Qxc2 20. Rxc2
b5 21. Bd3 Ra8 22. Nxd7 Rxd7 23. Rxc6 1-0

[Event "Plymouth (MI Op/1b/13)"]
[Site "?"]
[Date "1984.??.??"]
[Round "?"]
[White "Forte, Joe"]
[Black "Yuhas, L.."]
[Result "1-0"]
[WhiteElo "2020"]
[BlackElo "1785"]
[PlyCount "91"]
[EventDate "1984.??.??"]

1. d4 Nf6 2. c4 d6 3. Nc3 g6 4. e4 Bg7 5. f3 O-O 6. Be3 Nc6 7. Qd2 e5 8. Nge2
exd4 9. Nxd4 Nxd4 10. Bxd4 Be6 11. Be2 c6 12. O-O d5 13. cxd5 cxd5 14. e5 Nd7
15. f4 f6 16. Qe3 fxe5 17. fxe5 Bf5 18. Rad1 Re8 19. Qg3 Bxe5 20. Bxe5 Rxe5 21.
Rxd5 Rxd5 22. Nxd5 Qf8 23. Rxf5 Qc5+ 24. Ne3 Qc1+ 25. Rf1 Qc5 26. Bc4+ Kh8 27.
Qe1 Re8 28. Qc3+ Re5 29. Rf3 Nb6 30. Qxe5+ Qxe5 31. Rf8+ Kg7 32. Rg8+ Kf6 33.
Ng4+ Kf5 34. Nxe5 Kxe5 35. Rc8 Kd6 36. Rd8+ Ke7 37. Rd4 Kf6 38. Bd3 Ke5 39. Rd8
Na4 40. g3 Nc5 41. Bc2 Kf6 42. Kf2 h5 43. Rg8 Ke5 44. Rxg6 Kd4 45. b4 Nd7 46.
Rd6+ 1-0

[Event "East Detroit (MCO/1/15)"]
[Site "?"]
[Date "1984.??.??"]
[Round "?"]
[White "Forte, Joe"]
[Black "Vedua, J.."]
[Result "1-0"]
[WhiteElo "2020"]
[BlackElo "1605"]
[PlyCount "107"]
[EventDate "1984.??.??"]

{1/(15)} 1. d4 d5 2. c4 Nf6 3. cxd5 Qxd5 4. Nc3 Qd8 5. e4 e6 6. Nf3 c5 7. Bc4
cxd4 8. e5 dxc3 9. Qxd8+ Kxd8 10. exf6 gxf6 11. bxc3 Bd7 12. Be3 Nc6 13. Rd1
Kc7 14. Bf4+ e5 15. Bg3 Be6 16. Bb5 Bc5 17. Bh4 Rhg8 18. O-O Bg4 19. Bg3 Bxf3
20. gxf3 f5 21. Kh1 Be7 22. Bxc6 Kxc6 23. Bxe5 Rad8 24. Bd4 b6 25. Rfe1 Bh4 26.
Re5 Rg5 27. f4 Rh5 28. Ree1 Rd7 29. Kg2 Kb7 30. Be5 Re7 31. Re3 f6 32. Bd4 Rg7+
33. Kf1 Rg4 34. Re7+ Ka6 35. Be3 Bxf2 36. Bxf2 Rxh2 37. Rd4 Rgg2 38. Re2 Rg7
39. Red2 Rh1+ 40. Ke2 Re7+ 41. Kd3 Rh3+ 42. Kc2 Rc7 43. R4d3 Rh6 44. Kb3 Rg6
45. Rd5 Rg8 46. Rxf5 Rgc8 47. Bd4 Rc6 48. Rxf6 Rxf6 49. Bxf6 Rf8 50. Be5 Rf7
51. Rf2 Rf5 52. Kb4 h5 53. Rg2 h4 54. Rg5 1-0

[Event "Plymouth (MI Op/5/18)"]
[Site "?"]
[Date "1984.??.??"]
[Round "?"]
[White "Forte, Joe"]
[Black "Proszkow, T.."]
[Result "1/2-1/2"]
[WhiteElo "2020"]
[BlackElo "1655"]
[PlyCount "82"]
[EventDate "1984.??.??"]

{5/(18)} 1. c4 e6 2. e4 c5 3. Nf3 Nc6 4. d4 cxd4 5. Nxd4 Bb4+ 6. Nc3 h6 7. Be3
Nge7 8. Be2 O-O 9. Nc2 Ba5 10. O-O Bxc3 11. bxc3 d5 12. cxd5 exd5 13. exd5 Nxd5
14. Bd2 Be6 15. c4 Nde7 16. Qc1 Qc7 17. Bf4 Qb6 18. Rb1 Qa6 19. Ne3 Rfd8 20.
Rd1 Nd4 21. Bf1 Qc6 22. Nd5 Nxd5 23. Rxd4 Nxf4 24. Qxf4 Rd7 25. Rbd1 Rad8 26.
h3 b6 27. g3 Rxd4 28. Rxd4 Rxd4 29. Qxd4 Qd7 30. Qxd7 Bxd7 31. f4 g5 32. g4 f5
33. fxg5 hxg5 34. gxf5 Bxf5 35. Kf2 Kf7 36. Kg3 Ke6 37. Be2 Ke5 38. Bf3 a5 39.
a3 Kf6 40. Be2 Ke5 41. Bf3 Kf6 1/2-1/2

[Event "East Detroit (MCO/4/8)"]
[Site "?"]
[Date "1984.??.??"]
[Round "?"]
[White "Forte, Joe"]
[Black "Haakonstad, Olaf"]
[Result "1-0"]
[WhiteElo "2020"]
[BlackElo "1715"]
[PlyCount "80"]
[EventDate "1984.??.??"]

{4/(8)} 1. d4 Nf6 2. c4 e6 3. Nc3 Bb4 4. a3 Bxc3+ 5. bxc3 O-O 6. Nf3 d6 7. Qc2
Nbd7 8. e4 Re8 9. Bd3 e5 10. O-O Nf8 11. h3 h6 12. Re1 Ng6 13. Bf1 Nh5 14. Be3
Nhf4 15. dxe5 dxe5 16. c5 Qf6 17. Kh2 Nxh3 18. gxh3 Qxf3 19. Bg2 Qh5 20. Qe2
Qh4 21. Qf3 Re6 22. Rad1 Ra6 23. Bc1 Be6 24. Qg3 Qe7 25. Bf1 Ra5 26. c6 b6 27.
Re3 Rc5 28. Ba6 Rd8 29. Rxd8+ Qxd8 30. Rd3 Qe7 31. Bb7 Rc4 32. Qg2 Nf4 33. Bxf4
exf4 34. Qf3 g5 35. Ba6 Rxc6 36. e5 Rc5 37. Qa8+ Kg7 38. Rd8 Kg6 39. Bd3+ Bf5
40. Rg8+ Kh5 $138 1-0

[Event "East Detroit (MCO/5/4)"]
[Site "?"]
[Date "1984.??.??"]
[Round "?"]
[White "Forte, Joe"]
[Black "Groeller, W.."]
[Result "1/2-1/2"]
[WhiteElo "2020"]
[BlackElo "2075"]
[PlyCount "56"]
[EventDate "1984.??.??"]

{5/(4)} 1. d4 d5 2. c4 c6 3. Nc3 Nf6 4. Qc2 g6 5. cxd5 cxd5 6. Bd2 Nc6 7. e3
Bg7 8. Bd3 O-O 9. a3 e5 10. dxe5 Nxe5 11. Nge2 Nxd3+ 12. Qxd3 Bf5 13. Qb5 Re8
14. Nd4 a6 15. Qb3 Be6 16. O-O Ne4 17. Nxe4 dxe4 18. Nxe6 Rxe6 19. Bc3 Qb6 20.
Qc4 Qc6 21. Qb3 Rc8 22. Bxg7 Kxg7 23. g3 Qb6 24. Qxb6 Rxb6 25. b4 Rc2 26. Rfc1
Rbc6 27. Rxc2 Rxc2 28. Rd1 Ra2 1/2-1/2

[Event "Plymouth (MI Op/3/34)"]
[Site "?"]
[Date "1984.??.??"]
[Round "?"]
[White "Forte, Joe"]
[Black "Griffin, John"]
[Result "1-0"]
[WhiteElo "2020"]
[BlackElo "1605"]
[PlyCount "79"]
[EventDate "1984.??.??"]

{3/(34)} 1. d4 d5 2. c4 e6 3. Nc3 Nf6 4. Nf3 Be7 5. e3 Nbd7 6. Bd3 c6 7. O-O
dxc4 8. Bxc4 b5 9. Bd3 b4 10. Ne4 Bb7 11. Re1 O-O 12. Nxf6+ Nxf6 13. e4 h6 14.
Bd2 Rc8 15. Rc1 c5 16. d5 exd5 17. exd5 Bxd5 18. Bf5 Rc7 19. Bf4 Bd6 20. Bxd6
Qxd6 21. Ne5 Rd8 22. b3 Be6 23. Bxe6 fxe6 24. Qe2 Re8 25. Rcd1 Qb6 26. Nc4 Qb8
27. Nd6 Ree7 28. Qc4 Nd5 29. Rxe6 Nb6 30. Qe4 Rxe6 31. Qxe6+ Kh7 32. Nf7 Qc8
33. Qe4+ g6 34. Ne5 Qe6 35. h4 c4 36. h5 Kg7 37. Qd4 Qf6 38. bxc4 Rxc4 39. Nxc4
Qxd4 40. Rxd4 1-0

[Event "Plymouth (MI Op/7/9)"]
[Site "?"]
[Date "1984.??.??"]
[Round "?"]
[White "Forte, Joe"]
[Black "Brooks, John"]
[Result "1/2-1/2"]
[WhiteElo "2045"]
[BlackElo "2125"]
[PlyCount "143"]
[EventDate "1984.??.??"]

{7/(9)} 1. d4 Nf6 2. c4 e6 3. Nc3 Bb4 4. a3 Bxc3+ 5. bxc3 b6 6. Bg5 Bb7 7. Nf3
h6 8. Bh4 g5 9. Bg3 d6 10. Nd2 Nbd7 11. Qc2 Qe7 12. e4 e5 13. f3 Nh5 14. Bf2
Nf4 15. d5 h5 16. g3 Ng6 17. h3 Qf6 18. O-O-O O-O-O 19. Be2 g4 20. Be3 gxf3 21.
Nxf3 Qe7 22. h4 Rdg8 23. Rhg1 Kb8 24. Ng5 Ndf8 25. Rdf1 f6 26. Nf3 Bc8 27. Nd2
Qg7 28. Qd1 Ne7 29. Bxh5 Bh3 30. Rf2 Nd7 31. Be2 Rxh4 32. gxh4 Qxg1 33. Qxg1
Rxg1+ 34. Kb2 Rg3 35. Rf3 Rxf3 36. Bxf3 Nf8 37. h5 Nh7 38. Bd1 f5 39. exf5 Nxf5
40. Bf2 c6 41. Bc2 cxd5 42. cxd5 Nf6 43. Nc4 Kc7 44. Bxf5 Bxf5 45. Ne3 Be4 46.
h6 Kd7 47. Bh4 Nh7 48. c4 a6 49. Kc3 Bf3 50. Kb4 Be2 51. a4 Kc7 52. a5 b5 53.
cxb5 Bxb5 54. Be7 Bd3 55. Nc4 Bxc4 56. Kxc4 Kd7 57. Bh4 Ke8 58. Kd3 Kf7 59. Be1
Nf6 60. Bb4 Ke7 61. Kd2 Kf7 62. Ke2 Nxd5 63. Bxd6 Nf4+ 64. Kf3 Ng6 65. Ke4 Ke6
66. Bc7 Nh8 67. Bxe5 Nf7 68. h7 Ng5+ 69. Kd4 Nxh7 70. Bh2 Ng5 71. Kc5 Ne4+ 72.
Kc6 1/2-1/2

[Event "Plymouth (MI Op/4/42)"]
[Site "?"]
[Date "1984.??.??"]
[Round "?"]
[White "Foote, F.."]
[Black "Schell, Ken"]
[Result "1-0"]
[WhiteElo "2045"]
[BlackElo "1675"]
[PlyCount "91"]
[EventDate "1984.??.??"]

{4/(42)} 1. Nf3 d5 2. d4 Nf6 3. c4 Bg4 4. e3 c6 5. Nbd2 Nbd7 6. h3 Bxf3 7. Nxf3
Qc7 8. cxd5 cxd5 9. Bd2 e6 10. Bb5 Be7 11. Rc1 Qd8 12. O-O O-O 13. Qb3 Qb6 14.
Rc2 Rac8 15. Rfc1 Rxc2 16. Rxc2 a6 17. Bxd7 Nxd7 18. Qxb6 Nxb6 19. Rc7 Bd6 20.
Rxb7 Nc4 21. Bb4 Rb8 22. Rxb8+ Bxb8 23. b3 Nb6 24. Kf1 f6 25. Ne1 Nd7 26. Nd3
Kf7 27. Nc5 Nxc5 28. dxc5 Ke8 29. a4 Kd7 30. Ba5 Kc6 31. Bb6 Be5 32. Ke2 Bc3
33. g4 e5 34. f4 exf4 35. exf4 Bb4 36. f5 Bxc5 37. Ba5 Bg1 38. Kd3 Bf2 39. Bc3
Bh4 40. b4 Bf2 41. g5 Bh4 42. g6 hxg6 43. fxg6 Bg3 44. Bxf6 Bd6 45. Bxg7 Bxb4
46. Bd4 1-0

[Event "Plymouth (MI Op/2/1)"]
[Site "?"]
[Date "1984.??.??"]
[Round "?"]
[White "Foote, F.."]
[Black "Poschel, Paul"]
[Result "1/2-1/2"]
[WhiteElo "2045"]
[BlackElo "2325"]
[PlyCount "165"]
[EventDate "1984.??.??"]

{2/(1)} 1. d4 d5 2. Nf3 Nf6 3. c4 dxc4 4. e3 e6 5. Bxc4 c5 6. O-O a6 7. Qe2 Nc6
8. Rd1 b5 9. dxc5 Qc7 10. Bb3 Bxc5 11. Nc3 O-O 12. e4 Ng4 13. Be3 Nxe3 14. fxe3
Na5 15. Nd4 Bb7 16. Rac1 Qb6 17. Rd3 Rad8 18. Rcd1 Nc6 19. Nxc6 Bxc6 20. Bc2
Rxd3 21. Rxd3 Rd8 22. Nd1 g6 23. Rxd8+ Qxd8 24. Qd3 Qxd3 25. Bxd3 Kg7 26. Kf2
Kf6 27. Ke2 Bd6 28. Nf2 h5 29. g3 Be5 30. Nd1 g5 31. Kf2 a5 32. h3 h4 33. gxh4
gxh4 34. b3 Ke7 35. Ke2 Kd6 36. Kd2 b4 37. Nf2 Bg3 38. Ng4 Ke7 39. Ke2 Bb7 40.
Kd2 Ba8 41. Ke2 Bc6 42. Nf2 Kf6 43. Nd1 Be5 44. Nf2 Kg5 45. Ng4 Bg3 46. Nf2 f5
47. Nd1 fxe4 48. Ba6 Be5 49. Kd2 Bd5 50. Bb5 Kf6 51. Kc2 Ke7 52. Be2 a4 53. Nb2
a3 54. Nc4 Bg3 55. Bf1 Bf2 56. Kd2 Kf6 57. Na5 Bg3 58. Nc4 Bb8 59. Na5 Bc7 60.
Nc4 Ke7 61. Kc2 Kd7 62. Be2 Ke7 63. Bf1 Bb8 64. Kd2 Ba7 65. Na5 Kf6 66. Nc4 Bc5
67. Be2 e5 68. Bf1 Be6 69. Na5 Bb6 70. Nc4 Bc7 71. Kc2 Ke7 72. Kd2 Kd7 73. Kc2
Kc6 74. Kd2 Kb7 75. Kc2 Kb8 76. Kd2 Ka7 77. Kc2 Kb7 78. Kd2 Bb6 79. Nxb6 Kxb6
80. Kc2 Kc5 81. Kc1 Bf7 82. Kc2 Bh5 83. Kc1 1/2-1/2

[Event "East Lansing (MEX/1)"]
[Site "?"]
[Date "1984.??.??"]
[Round "?"]
[White "Foote, F.."]
[Black "Marfia, J.."]
[Result "1/2-1/2"]
[WhiteElo "2010"]
[BlackElo "2185"]
[PlyCount "106"]
[EventDate "1984.??.??"]

1. Nf3 c5 2. e3 d5 3. d4 Nf6 4. Nbd2 Nc6 5. c3 Qb6 6. Bd3 Bg4 7. h3 Bh5 8. Qa4
Bxf3 9. Nxf3 e6 10. O-O Bd6 11. Ne5 O-O 12. f4 cxd4 13. Nxc6 dxc3 14. Nd4 cxb2
15. Rb1 bxc1=Q 16. Rfxc1 Qd8 17. Rxb7 Rc8 18. Nc6 Qe8 19. Rc2 Nd7 20. Nxa7 Rxc2
21. Qxc2 Nc5 22. Bxh7+ Kh8 23. Rb6 Qd8 24. Rb1 Qh4 25. Nb5 Be7 26. Bd3 Qg3 27.
Qe2 g6 28. Nd4 Ra8 29. Bb5 Ne4 30. Rc1 Bc5 31. a4 Kh7 32. Qe1 Bxd4 33. Qxg3
Nxg3 34. exd4 Rxa4 35. Bxa4 Ne2+ 36. Kf2 Nxc1 37. Ke3 Na2 38. g4 Nc3 39. Be8
Kg7 40. h4 Ne4 41. Bc6 Nf6 42. Kf3 Kf8 43. f5 Nxg4 44. Kxg4 gxf5+ 45. Kg5 Kg7
46. Bxd5 f6+ 47. Kf4 e5+ 48. dxe5 fxe5+ 49. Kxf5 e4 50. Bxe4 Kh6 51. Kg4 Kg7
52. Kg5 Kg8 53. Kh6 Kh8 1/2-1/2

[Event "East Lansing (MEX/3)"]
[Site "?"]
[Date "1984.??.??"]
[Round "?"]
[White "Foote, F.."]
[Black "MacTaggert, A.."]
[Result "0-1"]
[WhiteElo "2010"]
[BlackElo "2040"]
[PlyCount "116"]
[EventDate "1984.??.??"]

1. d4 Nf6 2. Nf3 d6 3. Nc3 Nbd7 4. e4 c5 5. d5 g6 6. Be2 Bg7 7. O-O O-O 8. Bg5
h6 9. Bf4 a6 10. a4 Rb8 11. h3 Ne8 12. Qd2 Kh7 13. Rfe1 Qb6 14. Ra2 Qc7 15. Bc4
Nb6 16. Bf1 g5 17. Bh2 g4 18. Nh4 gxh3 19. gxh3 Rg8 20. Kh1 Bf6 21. Qf4 e5 22.
dxe6 Bxe6 23. e5 Qc6+ 24. Bg2 Rxg2 25. Nxg2 Bxe5 26. Rxe5 dxe5 27. Qxe5 Rc8 28.
Ra1 Bxh3 29. Rg1 Nf6 30. Qg3 Bxg2+ 31. Rxg2 Rg8 32. Qd3+ Kh8 33. f3 Rxg2 34.
Kxg2 Nh5 35. Be5+ f6 36. Qd8+ Kh7 37. Qe7+ Kg6 38. Qd6 Qxd6 39. Bxd6 Nd7 40.
Ne4 c4 41. Nd2 b5 42. axb5 axb5 43. b3 cxb3 44. Nxb3 Ng7 45. Nd4 Nf5 46. Nxb5
Ne3+ 47. Kf2 Nxc2 48. Ke2 Ne5 49. Kd2 Na1 50. f4 Nc4+ 51. Kc3 Nxd6 52. Nxd6 h5
53. Kb2 h4 54. Kxa1 h3 55. Ne4 Kf5 56. Nf2 h2 57. Kb2 Kxf4 58. Kc2 Kf3 0-1

[Event "East Lansing (MEX/4)"]
[Site "?"]
[Date "1984.??.??"]
[Round "?"]
[White "Foote, F.."]
[Black "Everett, Morgan"]
[Result "0-1"]
[WhiteElo "2010"]
[BlackElo "2000"]
[PlyCount "58"]
[EventDate "1984.??.??"]

1. Nf3 Nf6 2. d4 d6 3. Nc3 g6 4. e4 Bg7 5. h3 O-O 6. Be3 c6 7. Qd2 b5 8. Bd3 b4
9. Ne2 a5 10. Bh6 c5 11. dxc5 Bb7 12. Ng3 dxc5 13. Rd1 e6 14. h4 Bxh6 15. Qxh6
Ng4 16. Qf4 h5 17. e5 Qe7 18. Ne4 Bxe4 19. Bxe4 Ra7 20. Nd2 f6 21. Qg3 f5 22.
f3 Ne3 23. Qxg6+ Qg7 24. Qxe6+ Kh8 25. Bd3 Re7 26. Qd6 Rxe5 27. Ne4 Nxd1 28.
Kxd1 fxe4 29. Bxe4 Qd7 0-1